黃阿瑪的後宮生活 : 後宮交換日記

資料類型: Book 圖書   書目號:51639

Leader xxxxxxxxxx
001 __ 102487/2/01
005 __ 20171120175605.810
010 0_ |a9789865728748|b平裝|d新臺幣350元
042 __ |anbic
100 __ |a20171120d2016    k  y0chiy50      b
101 0_ |achi
102 __ |atw
105 __ |aa   z   000cy
200 1_ |a黃阿瑪的後宮生活|e後宮交換日記|f志銘與狸貓作
205 __ |a初版
210 __ |a臺北市|c布克文化|d2016[民105]
215 0_ |a191面|c彩圖|d21公分
517 1_ |a後宮交換日記|zchi
606 __ |2cst|a文集
606 __ |2cst|a681 __ |a855|b8363
710 02 |a志銘與狸貓|4801 _0 |atw|bLibDipper|c20171120|gCCR
詳細館藏(共 1 筆)
索 書 號登 錄 號冊次號館別 / 館藏地流通類型狀態加入預約清單電子資源
855 / 8363 1024872  圖書館 / 一樓普通區 可外借30天 在館   

| 條列資料




目錄查詢 分類查詢 個人資料 圖書薦購 新書查詢 閉館日 排行榜 更多電子資源 Hami書城 線上資料庫 登出

From : 216.73.217.87

  本日流通累計至 22:58:59 借閱 : 1 次 續借 : 0 次 歸還 : 2 次 預約 : 0 次 電子資源 : 0 次


內湖高中圖書館  PCLIS 版本  26.5.0.12